Kytička malá

Korporativní autor: Gloria (hudební skupina)
Další autoři: Slabáková, Ivana, 1950-, Barotek, Lojza, 1965-, Havlíčková, Věra, 1967-, Salčák, Vladimír, 1936-2013, Špačková, Ľubica, 1968-, Stejskalová, Marie, zpěvačka, Hegner, Karel, 1954-, Gurský, Zdeněk, 1954-, Gurská, Miloslava, 1960-, Štěrba, Václav, 1975-, Slabák, Jan, 1941-
Jazyk: Čeština
Vydáno: Kyjov : Gloria, p2001
Edice: Gloria
Témata:
Fyzický popis: 1 zvuková kazeta (49:47) : analog, Dolby systém + 1 leták (10 x 16 cm)
Zvukové nahrávky
Uloženo v:
LEADER 02292njm a2200529 a 4500
001 000603016
003 CZ BrMZK
005 20020607095333.0
007 ss lsnjlcmpnzu
008 020528s2001 xr zz f cze d
028 0 1 |a GL 0027-4 431  |b Gloria 
040 |a BOA001  |b cze 
047 |a zz 
048 |a of  |b vu 
080 |a 78.085.2  |2 MRF 
080 |a (086.7)  |2 MRF 
080 |a 785.12  |2 MRF 
080 |a 785.16  |2 MRF 
110 2 |a Gloria (hudební skupina)  |7 ko2002149048  |4 prf 
245 1 0 |a Kytička malá  |h [zvukový záznam] 
260 |a Kyjov :  |b Gloria,  |c p2001 
300 |a 1 zvuková kazeta (49:47) :  |b analog, Dolby systém +  |e 1 leták (10 x 16 cm) 
306 |a 004947 
490 1 |a Gloria ;  |v 13 
500 |a Vydáno také na kompaktní desce s objednacím číslem GL 0027-2 431 
505 0 0 |t Lásku neuhlídáš --  |t Na moje okénko --  |t Klobůčky --  |t Dnes večer --  |t Bílá lália --  |t Memory --  |t Dukátek --  |t Tequila --  |t Pojď se mnou, milá --  |t Z Brankovic --  |t My way --  |t Vlaštověnko - ty jediná --  |t Kytička malá --  |t Nad bystřinou --  |t Směs polek 
511 0 |a Zpívají: Ľubica Špačková, Věra Havlíčková, Marie Stejskalová, Karel Hegner, Václav Štěrba 
511 0 |a Hraje dechová hudba Gloria, Zdeněk Gurský, dirigent 
650 0 7 |a populární hudba  |7 ph124352  |x úpravy  |2 czenas 
650 0 7 |a dechová hudba  |7 ph119353  |2 czenas 
655 4 |a polky 
655 4 |a valčíky 
700 1 |a Slabáková, Ivana,  |d 1950-  |7 mzk2005299311  |4 cmp 
700 1 |a Barotek, Lojza,  |d 1965-  |7 mzk2003192183  |4 cmp 
700 1 |a Havlíčková, Věra,  |d 1967-  |7 mzk2007390573  |4 prf  |4 lyr 
700 1 |a Salčák, Vladimír,  |d 1936-2013  |7 ola2003167582  |4 lyr 
700 1 |a Špačková, Ľubica,  |d 1968-  |7 mzk2007390572  |4 prf 
700 1 |a Stejskalová, Marie,  |c zpěvačka  |4 prf  |4 prf 
700 1 |a Hegner, Karel,  |d 1954-  |7 mzk2006363760  |4 prf 
700 1 |a Gurský, Zdeněk,  |d 1954-  |7 ola200208877  |4 cnd  |4 cmp 
700 1 |a Gurská, Miloslava,  |d 1960-  |7 mzk2007390574  |4 lyr 
700 1 |a Štěrba, Václav,  |d 1975-  |7 mzk2007382155  |4 cmp  |4 prf 
700 1 |a Slabák, Jan,  |d 1941-  |7 jn20000710536  |4 cmp 
830 0 |a Gloria 
910 |a BOA001  |b KZ-0010.450 
990 |a AV 
996 6 |b 261H011377  |c KZ-0010.450  |l MZK  |r Sklad / do 24 hodin  |n 0  |w 000603016  |u 000010  |a 1  |e BOA001  |j MZK50  |s P